| 000 | 00473nam a2200169 a 4500 | ||
|---|---|---|---|
| 005 | 20140412111238.0 | ||
| 008 | 010327s19uu xx 00 eng d | ||
| 020 | _a971-8613-65-X | ||
| 050 |
_aM 004 _bP33 1991 |
||
| 100 | _aWebster, Tony | ||
| 245 |
_aPagemaker 4 for the PC / _cTony Webster ; Paul Webster. |
||
| 250 | _aIBM Edition | ||
| 260 |
_aManila, Philippines : _bGlobal Publishing, _c1991. |
||
| 300 | _a168 p. | ||
| 650 | _aComputer program | ||
| 999 |
_c102570 _d102570 |
||